Taylor Swift - Devine la chanson sans indices #95 - Statistiques

Statistiques générales
  • Ce quiz a été pris 174 fois
  • Le résultat moyen est 342 sur 483
Statistiques - réponses
Réponse % Correct
I
99%
you
99%
a
98%
oh)
95%
ooh
95%
Ooh
95%
(ooh
95%
the
95%
The
95%
whoa
95%
whoa,
95%
whoa)
95%
me,
93%
me
93%
love
92%
And
90%
and
90%
We
90%
we
90%
my
89%
(my
89%
My
89%
your
89%
Your
89%
on
88%
do
86%
do)
86%
in
86%
where
86%
(where
86%
to
85%
are
82%
for
82%
I'm
82%
is
82%
Is
82%
like
81%
of
79%
this
79%
we're
79%
all
77%
you're
77%
bein'
76%
go
76%
one
76%
one,
76%
been
73%
have
72%
want,
70%
I've
67%
I'll
66%
at
65%
'Cause
65%
Never
65%
never
65%
heart,
63%
heart
63%
heart),
63%
up
63%
Up
63%
With
62%
with
62%
baby,
60%
Baby,
60%
King
60%
live
60%
off
60%
waiting
60%
waiting,
60%
(waiting)
60%
(waiting),
60%
not
58%
night,
57%
beat
56%
own
56%
Say
56%
out
55%
let
54%
once,
54%
once
54%
better
53%
made
53%
their
53%
body
52%
Body
52%
Now
51%
alone
50%
fine,
50%
girl
50%
met
50%
mind,
50%
Queen
50%
soul,
50%
soul
50%
soul),
50%
perfectly
49%
ago
47%
few
47%
these
47%
weeks
47%
end
46%
try
46%
room
45%
room,
45%
American
44%
inside
43%
boys
42%
cars
42%
keep
42%
enough
41%
endings?
40%
move
39%
beer
38%
crush
38%
bones
37%
broken
37%
cups
37%
Drinking
37%
lips
37%
mending
37%
nights
37%
plastic
37%
roof
37%
secret
37%
spending
37%
expensive
36%
fancy
36%
idea
35%
clothes
34%
dying
34%
kingdom
34%
luxury
34%
school
34%
took
34%
Jaguars
33%
stuff
33%
priorities
32%
taste
32%
Change
31%
Late
31%
rule
31%
tryin'
31%
city's
30%
asleep
29%
dreaming,
29%
callin'
28%
Range
27%
Rovers
27%
hoping,
25%
Motown
25%
quite
25%
Salute
24%
(hey),
14%
Aucun quiz correspondant
Distribution des résultats
% des personnes avec chaque résultat
Percentile par nombre de réponses
Votre historique - résultats
Vous n’avez pas pris ce quiz